| 000 | 00993nam a22002057a 4500 | ||
|---|---|---|---|
| 001 | 000182848 | ||
| 003 | AM-YeHGA | ||
| 005 | 20250617123644.0 | ||
| 008 | 991101s1978 ru ||||| |||| 00| 0 rus d | ||
| 040 | _aAM-YeHGA | ||
| 041 | _arus | ||
| 245 | 0 | 0 |
_aСтатистические методы обработки эмпирических данных : _bРекомендации / _cГос. комитет стандартов совета министров СССР, Всесоюзный научно-исследовательский ин-т по нормализации в машиностроении. |
| 260 |
_aМосква : _bСтандартгиз, _c1978. |
||
| 300 | _a232 с. | ||
| 650 | 1 | 4 | _aРадиотехника |
| 650 | 4 | _aЭлектроника | |
| 710 | 2 | _aВсесоюзный научно-исследовательский институт по нормализации в машиностроении (ВНИИНМАШ) | |
| 942 |
_2udc _cBK |
||
| 090 | _c64191 | ||
| 999 |
_c63102 _d63102 |
||